| 000 | 00307nam a2200097Ia 4500 | ||
|---|---|---|---|
| 008 | 220204s9999 xx 000 0 und d | ||
| 082 |
_a339.1:633.82(047) _bSPI |
||
| 245 | 0 | _aReport of the Indian spices trade delegation to Ceylon 1963 | |
| 260 |
_aErnakulam _bSpices export promotion council _c1963 |
||
| 942 | _cBK | ||
| 999 |
_c22337 _d22337 |
||